00413 a2200157 4500003000400000005001700004008004100021020001800062040000900080082001800089100002300107245006000130250001200190260004300202300001000245OSt20260324143802.0240207b |||||||| |||| 00| 0 eng d a9789390339839 coclc a889.33bKAZ/K aKazantzakis, Nikos aKristhudevante Anthyapralobhanam /c Nikos Kazantzakis a1st ed. aKozhikode:bOlive Publications,c2021. a584p.